000 00703nam a2200205Ia 4500
001 10276
003 GE_BSU
008 181216s||||||||xx |||||||||||||| ||und||
040 _cGE_BSU
080 _a821.353.1
100 _aტაბიძე,გალაქტიონ
245 _aრჩეული:ლექსები
245 _cშემდგ.ბ.ჩიქობავა.რედ. რ.ორჯონიკიძე.მხატვ.ლ.გრიგოლია
260 _aთბილისი
260 _bსახელგამი
260 _c1954
300 _a242გვ.1ფ.პორტრ.21სმ.
653 _aრჩეული:ლექსები
942 _cBK
999 _c43545
_d43545